[Event "Balears-ch U12"]
[Site "Eivissa"]
[Date "2018.05.04"]
[Round "2.2"]
[White "Moll Gener, Joan"]
[Black "Coll Fullana, Pau"]
[Result "1-0"]
[WhiteElo "1776"]
[BlackElo "1480"]
[PlyCount "45"]
[EventDate "2018.05.04"]
[EventType "swiss"]
[EventRounds "5"]
[EventCountry "ESP"]
[SourceTitle "EXT 2024"]
[Source "ChessBase"]
[SourceDate "2023.10.10"]
[SourceVersion "1"]
[SourceVersionDate "2023.10.10"]
[SourceQuality "1"]

1. d4 d5 2. e3 Nf6 3. Bd3 e6 4. f4 c5 5. c3 Nc6 6. Nf3 Be7 7. 0-0 0-0 8. Nbd2 Bd7 9. Ne5 Nxe5 10. fxe5 Ne8 11. Rf3 Bg5 12. Rh3 h6 13. Nf3 f6 14. Nxg5 fxg5 15. Qh5 Nf6 16. exf6 Qxf6 17. Rf3 Qe7 18. Rxf8+ Rxf8 19. Bd2 Be8 20. Qe2 Rf6 21. Rf1 Qf7 22. Rxf6 Qxf6 23. Qf3 1-0